[Event "Eurasia Open Cup 2018"]
[Site "Jekaterienburg"]
[Date "2018.08.10"]
[Round "9"]
[White "Isanzhulov, Arystan"]
[Black "Yeletsky, Ivan"]
[Result "1/2-1/2"]
[WhiteElo "2146"]
[BlackElo "2412"]
[Annotator "TA"]
[PlyCount "194"]
[EventDate "2018.08.01"]
[EventType "swiss"]
[EventCountry "RUS"]
[SourceTitle "playchess.com"]
[Source "ChessBase"]
[SourceQuality "1"]

{[%evp 9,194,-39,-8,-33,-29,-51,-55,-59,-51,-72,-74,-106,-98,-92,-119,-127,-127,-124,-122,-130,-123,-131,-122,-151,-140,-140,-112,-129,-113,-155,-126,-258,-226,-236,-233,-231,-189,-210,-70,-65,-76,-76,-78,-76,-35,-81,-62,-59,-37,-41,-37,-45,-71,-156,-138,-175,-164,-174,-175,-273,-127,-260,-252,-242,-163,-137,-99,-91,-82,-96,-96,-93,-81,-81,-81,-81,-81,-81,-68,-68,-68,-68,-68,-68,-68,-68,-68,-68,-68,-68,-68,-68,-68,-68,-62,-62,-62,-68,-68,-68,-62,-68,-68,-75,-75,-75,-75,-75,-62,-62,-62,-62,-62,-75,-75,-75,0,-64,0,-64,-55,-75,-75,-75,-43,-154,-129,-136,-70,-84,-55,-55,-55,-55,-55,-55,-55,-55,-55,-62,-62,-62,-48,-62,-62,-62,-8,-8,-8,-8,-8,-8,-8,-22,-13,-13,-13,-13,-13,-22,-22,-23,-22,-22,-22,-22,-22,-22,-22,-22,-22,-22,-22,-22,-22,-22,-22,-22,-22,-22,-22,-22,-22,-22,-8,-8,-8]} 1. e4 e6 2. Qe2 c5 3. d3 Nc6 4. Nf3 g6 5. e5 (5. g3 Bg7 6. Bg2 Nge7 7. Nbd2 O-O 8. O-O e5 9. c3 d5 10. exd5 Nxd5 11. Nb3 b6 12. d4 exd4 13. cxd4 Re8 14. Qc4 {0-1 (42) Dvoirys,S (2584)-Baron,T (2506) Rishon Le Ziyyon 2015}) 5... Bg7 6. g3 {C00: French: Unusual White 2nd moves} Nge7 7. Na3 $146 ({Predecessor:} 7. Bg2 Qc7 8. Bf4 Nd5 9. Nc3 Nxf4 10. gxf4 d6 11. O-O-O dxe5 12. fxe5 Nxe5 {0-1 (42) Barnier,A (2070)-Navrotescu,C (2406) Aix les Bains 2014}) 7... Qc7 {[%cal Rc6e5]} 8. Nc4 {Black is slightly better.} Nf5 9. c3 b5 {[%cal Bb7b5,Bb5b4][%mdl 32]} 10. Na3 b4 11. Nc4 bxc3 12. Bg2 cxb2 13. Bxb2 O-O 14. O-O Rb8 15. Rac1 Ba6 16. Ba3 Nb4 17. Rfd1 Qc6 18. g4 Ne7 19. Nfd2 Ned5 20. Qf3 (20. Ne4 $17) 20... Nxa2 21. Ra1 Nac3 22. Rdc1 f6 23. Rxc3 {Threatens to win with Rcc1.} Nxc3 (23... fxe5 $19 24. Qg3 e4 25. Nxe4 Bxc4) 24. Qxc6 $15 dxc6 25. Bxc5 Bxc4 26. Bxf8 Ne2+ 27. Kh1 Rxf8 28. Nxc4 fxe5 29. Rxa7 Rxf2 30. Ra8+ Bf8 {Strongly threatening ...Nf4.} 31. Ra1 {[#]} (31. Be4 $142) 31... Nf4 $1 $17 32. Be4 {[#]} Bc5 $1 33. Rb1 Bd4 34. Nd6 (34. Bxc6 {was necessary.} Nxd3 35. Nd6) 34... c5 (34... Rc2 $19 35. Bf3 Nxd3) 35. Rb8+ (35. h4 $17) 35... Kg7 $19 {[%cal Rf2f1]} 36. Rb1 Kf6 {Hoping for ...Kg5.} 37. Bc6 Rc2 {...Kg5 is the strong threat.} ({Don't play} 37... Nxd3 38. Ne4+ Kg7 39. Nxf2 $15) 38. Ne4+ Kg7 39. g5 Bb2 ({Reject} 39... Nxd3 $6 40. Rb7+ Kf8 41. Rb8+ Kg7 42. Rb7+ Kh8 43. Rb8+ Kg7 44. Rb7+ $11) 40. Ba4 Rc1+ 41. Rxc1 Bxc1 42. Nxc5 $17 {[%mdl 4096] Endgame KBN-KBN} Be3 43. Ne4 Nxd3 44. Kg2 Bd4 45. Bb5 Nf4+ 46. Kf3 Nd5 47. Bc6 Kf7 48. Nd6+ Ke7 49. Ne4 Be3 50. Ba4 Bf4 51. h3 Ne3 52. Bb3 Nf5 53. Ba2 Bc1 54. Kg4 Ba3 55. Bb3 Bb4 56. Ba4 Ne3+ 57. Kf3 Nc4 58. Kg4 Bd2 59. Bb3 Ne3+ 60. Kf3 Bc1 61. Ba2 Nd5 62. Bb3 Ne3 63. Ba2 $1 Nf5 64. Kg4 $1 Be3 65. Kf3 Bb6 66. Kg4 Nd6 67. Nc3 (67. Nxd6 $15 Kxd6 68. Kf3) 67... Bd4 68. Ne2 Be3 (68... Ne4 $17 69. Bc4 Kd6) 69. Bb1 Nf7 70. h4 Nd6 71. h5 Kf7 72. hxg6+ hxg6 73. Ng3 $1 Bf4 74. Ne4 Nf5 75. Ba2 Ke7 76. Bb3 Bc1 77. Ba2 Kd7 (77... Ne3+ $15 78. Kf3 Nf5) 78. Nc5+ $1 $11 Kd6 79. Nxe6 Ne3+ 80. Kf3 Nd5 81. Nf8 e4+ 82. Kxe4 Nc3+ 83. Kf3 $1 Nxa2 84. Nxg6 Bxg5 85. Nf4 Nc3 86. Ne2 {The position is equal.} Nd5 87. Ke4 Kc5 88. Nd4 Bf6 89. Ne6+ Kc4 90. Nf4 Ne7 91. Nd3 Bd4 92. Ne5+ Kc3 93. Nf3 Bf2 94. Ne5 Bg3 95. Ng4 Bd6 96. Ne3 Kb3 97. Nf5 Nxf5 {Precision: White = 62%, Black = 54%.} 1/2-1/2